Quizmasters' Most Popular Quizzes - Statistics

General Stats
  • This quiz has been taken 8 times
    7 since last reset
  • The average score is 4 of 15
Answer Stats
Takes Quiz % Correct
15,455,600 Countries of the World
100%
6,174,450 US States
50%
938,477 Periodic Table
33%
2,406,995 World Capitals
33%
1,198,888 Africa Map
17%
1,079,503 Country Flags
17%
2,435,376 Europe Map
17%
2,230,853 Fast Typing 1-100
17%
1,785,876 Fifty States in One Minute
17%
1,077,942 NBA Basketball Teams
17%
1,098,622 NFL Football Teams
17%
1,864,354 Pays du Monde
17%
1,158,302 Random Capital to Country
17%
2,796,372 United States Map
17%
1,552,226 U.S. Presidents
17%
No matching quizzes found
Score Distribution
Percent of People with Each Score
Percentile by Number Answered
Your Score History
You have not taken this quiz since the last reset